000 00727nam a2200265 i 4500
001 C2-0316912
003 PPAK
005 20180728113052.0
008 120809s2011 my a|||| ||||| | may d
020 _a9789831505236
040 _aPPAK
_beng
_cPPAK
_erda
082 0 4 _a297.61
_223
090 0 0 _a297.61
_bIND
_dK
100 1 _aIndie, AM,
_eauthor
245 1 0 _aOmar Al-Khayyam
264 1 _aKuala Lumpur :
_bArus Intelek ,
_c2011
300 _a24 pages :
_bcolour illustrations ;
_c20 cm
336 _2rdacontent
_atext
337 _2rdamedia
_aunmediated
338 _2rdacarrier
_avolume
490 1 _aMengenali ilmuwan Islam
650 1 0 _aScholars, Muslim
830 0 _aMengenali ilmuwan Islam
942 _ddc
_cB
999 _c118016
_d118016